| 000 | 00505nam a2200169 i 4500 | ||
|---|---|---|---|
| 001 | bg | ||
| 245 | 0 |
_aFizyka budowli : _bmateriały pomocnicze do ćwiczeń. _nCz. 2 / _c[Aut.] Janusz Nowakiewicz. |
|
| 260 |
_aSzczecin : _b[Wydawn. Polit. Szczec.], _c1979. |
||
| 300 |
_as. 47, nlb. 1 : _btab. |
||
| 504 | _a[Zawiera bibliogr. s. 48]. | ||
| 700 | 1 |
_aNOWAKIEWICZ, Janusz. _eOprac. |
|
| 040 | _cBPK | ||
| 041 | _apol | ||
| 080 | _a69:53(075.8) | ||
| 942 | _cKS | ||
| 008 | s pl f |000 0 pol | ||
| 999 |
_c18803 _d18803 |
||
| 856 |
_uhttp://koha.tu.koszalin.pl/cgi-bin/koha/opac-detail.pl?biblionumber=18803 _yKatalog online BPK |
||